[Event "NATO-ch 17th"]
[Site "Berkshire"]
[Date "2006.08.22"]
[Round "3"]
[White "Razat, Romain"]
[Black "De Waard, Marco"]
[Result "1/2-1/2"]
[WhiteElo "2052"]
[BlackElo "2194"]
[PlyCount "30"]
[EventDate "2006.08.21"]
[EventType "swiss"]
[EventRounds "7"]
[EventCountry "ENG"]
[SourceTitle "EXT 2007"]
[Source "ChessBase"]
[SourceDate "2006.11.23"]
[SourceVersion "1"]
[SourceVersionDate "2006.11.23"]
[SourceQuality "1"]

1. e4 d5 2. exd5 Qxd5 3. Nc3 Qa5 4. d4 c6 5. Bd2 Qc7 6. Bc4 Nf6 7. Nf3 Bg4 8. h3 Bxf3 9. Qxf3 e6 10. Ne4 Nxe4 11. Qxe4 Nd7 12. f4 0-0-0 13. Be3 Nf6 14. Qf3 Nd5 15. Bxd5 Qa5+ 1/2-1/2

[Event "FRA-chT3 North 0304"]
[Site "France"]
[Date "2003.10.12"]
[Round "1.4"]
[White "Razat, Romain"]
[Black "Bourdeaud'Huy, Thomas"]
[Result "0-1"]
[WhiteElo "1990"]
[BlackElo "2054"]
[PlyCount "120"]
[EventDate "2003.11.??"]
[EventType "team"]
[EventRounds "9"]
[EventCountry "FRA"]
[SourceTitle "EXT 2006"]
[Source "ChessBase"]
[SourceDate "2005.11.24"]
[SourceVersion "1"]
[SourceVersionDate "2005.11.24"]
[SourceQuality "1"]
[WhiteTeam "Noyon II"]
[BlackTeam "Baisieux"]
[WhiteTeamCountry "FRA"]
[BlackTeamCountry "FRA"]

1. e4 g6 2. d4 Bg7 3. f4 d5 4. e5 h5 5. Nf3 Nh6 6. h3 Nf5 7. Bd3 Ng3 8. Rg1 h4 9. Nc3 Bf5 10. Be3 Bxd3 11. Qxd3 c6 12. Bf2 Nf5 13. 0-0-0 e6 14. Qf1 Nd7 15. Ne2 Qa5 16. Kb1 b5 17. Rd3 Bf8 18. Be1 b4 19. g4 hxg3 20. Nxg3 Nxg3 21. Rxg3 c5 22. dxc5 Nxc5 23. Rd1 Ne4 24. Rg1 Rb8 25. Nd4 Qc7 26. Qd3 Bc5 27. Nxe6 fxe6 28. Rxg6 Qf7 29. Rg4 Bf2 30. Qa6 Bxe1 31. Rxe1 Qd7 32. Reg1 Rb6 33. Qe2 Kd8 34. Qg2 Re8 35. Rg8 Rb7 36. Qe2 Qh7 37. Rxe8+ Kxe8 38. Qa6 Re7 39. f5 exf5 40. Qb5+ Kf8 41. Qxd5 Qf7 42. Qa5 Qc4 43. Qd8+ Re8 44. Qd7 Qf7 45. Qb5 Qe7 46. Qd5 Qe6 47. Qb7 Qxe5 48. Qh7 Ng3 49. Qh6+ Kf7 50. b3 f4 51. Qc6 Qe4 52. Qc7+ Re7 53. Qb8 Qe3 54. Rd1 Ne2 55. Rf1 Qd4 56. Qc8 Nc3+ 57. Kc1 Nxa2+ 58. Kb1 Nc3+ 59. Kc1 Ne2+ 60. Kb1 Rd7 0-1

[Event "FRA-chT3 Gr8 0203"]
[Site "France"]
[Date "2003.04.05"]
[Round "8"]
[White "Caels, Viviane"]
[Black "Razat, Romain"]
[Result "0-1"]
[WhiteElo "2068"]
[BlackElo "1980"]
[PlyCount "92"]
[EventDate "2002.10.??"]
[EventType "team"]
[EventRounds "9"]
[EventCountry "FRA"]
[SourceTitle "EXT 2005"]
[Source "ChessBase"]
[SourceDate "2004.11.15"]
[SourceVersion "1"]
[SourceVersionDate "2004.11.15"]
[SourceQuality "1"]

1. d4 Nf6 2. Nf3 g6 3. Bg5 Bg7 4. Nbd2 c5 5. e3 cxd4 6. exd4 0-0 7. Bd3 d5 8. c3 Nc6 9. 0-0 Qc7 10. Re1 Re8 11. Ne5 Nxe5 12. dxe5 Ng4 13. Nf3 Nxe5 14. Nxe5 Bxe5 15. h4 Bd7 16. h5 Bf6 17. Bxf6 exf6 18. Qf3 Qd6 19. Rad1 Re5 20. hxg6 fxg6 21. Rxe5 Qxe5 22. Bc2 Bc6 23. Bb3 Rd8 24. Qd3 Kg7 25. Qd2 Rd7 26. Re1 Qd6 27. Qd4 b6 28. Bd1 Re7 29. Re3 Rxe3 30. Qxe3 Qe5 31. Qd2 Qf5 32. Bc2 Qg4 33. Bd1 Qg5 34. Qxg5 fxg5 35. Bb3 Kf6 36. f3 Ke5 37. Kf2 h5 38. Bc2 Be8 39. Ke3 h4 40. Bd3 a5 41. Bc2 Kf6 42. Bd3 Bc6 43. Kd4 g4 44. fxg4 Kg5 45. Be2 Kf4 46. Bf3 h3 0-1

[Event "FRA-chT3 Gr8 0203"]
[Site "France"]
[Date "2002.12.08"]
[Round "4"]
[White "Fett, Sabine"]
[Black "Razat, Romain"]
[Result "0-1"]
[WhiteElo "1640"]
[BlackElo "1980"]
[PlyCount "76"]
[EventDate "2002.10.??"]
[EventType "team"]
[EventRounds "9"]
[EventCountry "FRA"]
[SourceTitle "EXT 2005"]
[Source "ChessBase"]
[SourceDate "2004.11.15"]
[SourceVersion "1"]
[SourceVersionDate "2004.11.15"]
[SourceQuality "1"]

1. e4 d6 2. d4 Nf6 3. Nc3 g6 4. f4 Bg7 5. Nf3 c5 6. dxc5 Qa5 7. Bd3 Qxc5 8. Bd2 0-0 9. Qe2 Nbd7 10. Rb1 a6 11. Be3 Qc6 12. 0-0 Nc5 13. Nd4 Qb6 14. Nb3 Bg4 15. Qf2 Rac8 16. Nxc5 dxc5 17. e5 Nd7 18. Nd5 Qd8 19. c4 e6 20. Nc3 Nxe5 21. Be4 Nxc4 22. Kh1 Nxe3 23. Qxe3 Qd4 24. Qg3 Bf5 25. Bxb7 Bxb1 26. Bxc8 Rxc8 27. Rxb1 Qd2 28. h3 Rb8 29. f5 Rxb2 30. Rd1 Qf2 31. Rd8+ Bf8 32. Qxf2 Rxf2 33. fxe6 fxe6 34. Kg1 Rc2 35. Ne4 Rxa2 36. Nxc5 Kf7 37. Nxe6 Be7 38. Ng5+ Bxg5 0-1

[Event "Andorra op 18th"]
[Site "Andorra"]
[Date "2000.06.24"]
[Round "1"]
[White "Razat, Romain"]
[Black "Cicak, Slavko"]
[Result "0-1"]
[WhiteElo "2079"]
[BlackElo "2506"]
[PlyCount "56"]
[EventDate "2000.06.24"]
[EventType "swiss"]
[EventRounds "9"]
[EventCountry "AND"]
[SourceTitle "CBM 076 Extra"]
[Source "ChessBase"]
[SourceDate "2000.07.11"]
[SourceVersion "1"]
[SourceVersionDate "2000.07.11"]
[SourceQuality "1"]

1. e4 c5 2. c3 g6 3. d4 cxd4 4. cxd4 d5 5. exd5 Nf6 6. Nc3 Nxd5 7. Bc4 Nb6 8. Bb3 Bg7 9. Nf3 Nc6 10. Be3 Na5 11. Bc2 0-0 12. Qc1 Nac4 13. Bh6 Bg4 14. Bxg7 Kxg7 15. Be4 Bxf3 16. Bxf3 Qxd4 17. Bxb7 Qe5+ 18. Kf1 Rab8 19. Bf3 Rfd8 20. Kg1 Nxb2 21. Qxb2 Nd5 22. Qe2 Qxc3 23. Qe1 Qf6 24. h4 Nf4 25. a4 Nd3 26. Qf1 Rb2 27. Rd1 Rxf2 28. Qxf2 Nxf2 0-1

[Event "FRA-chT 9900"]
[Site "France"]
[Date "2000.04.29"]
[Round "9.8"]
[White "Razat, Romain"]
[Black "Levacic, Damir"]
[Result "0-1"]
[WhiteElo "2079"]
[BlackElo "2291"]
[PlyCount "53"]
[EventDate "1999.02.04"]
[EventType "team"]
[EventRounds "11"]
[EventCountry "FRA"]
[SourceTitle "EXT 2001"]
[Source "ChessBase"]
[SourceDate "2000.11.22"]
[SourceVersion "1"]
[SourceVersionDate "2000.11.22"]
[SourceQuality "1"]

1. e4 c5 2. c3 d6 3. d4 Nf6 4. dxc5 Nc6 5. Qc2 dxc5 6. Be3 e6 7. h3 Be7 8. Nd2 Qc7 9. Be2 Rb8 10. f4 b5 11. Ngf3 Nh5 12. Ne5 Ng3 13. Nxc6 Qxc6 14. Rg1 Nxe2 15. Kxe2 0-0 16. g4 f5 17. gxf5 exf5 18. e5 Be6 19. Raf1 Rfd8 20. Rf2 Rb7 21. Rh2 Rbd7 22. h4 Qa6 23. b3 Rd3 24. h5 Rxc3 25. Qb2 b4+ 26. Kf2 Qd3 27. Re1 0-1